|
|
|
|
| LEADER |
00883nam a2200229 i 4500 |
| 001 |
acta58531 |
| 005 |
20240531105030.0 |
| 008 |
190515s2017 hu o 000 hun d |
| 020 |
|
|
|a 978-615-5372-81-0
|
| 024 |
7 |
|
|a 10.14232/belvbook.2017.58531
|2 doi
|
| 040 |
|
|
|a SZTE Egyetemi Kiadványok Repozitórium
|b hun
|
| 041 |
|
|
|a hun
|
| 100 |
1 |
|
|a Nagy Gábor Dániel
|
| 245 |
1 |
0 |
|a Fejezetek a vallás és társadalmi tőke kapcsolatrendszeréről
|h [elektronikus dokumentum] /
|c Nagy Gábor Dániel
|
| 260 |
|
|
|a Belvedere Meridionale
|b Szeged
|c 2017
|
| 300 |
|
|
|a 169
|c 24 cm
|
| 300 |
|
|
|a 1-169
|c 24 cm
|
| 561 |
|
|
|a Belvedere Meridionale kötetek
|
| 650 |
|
4 |
|a Társadalomtudományok
|
| 650 |
|
4 |
|a Szociológia
|
| 695 |
|
|
|a Kapcsolati tőke, Vallásszociológia
|
| 856 |
4 |
0 |
|u http://acta.bibl.u-szeged.hu/58531/1/2017_nagy_gabor_daniel_fejezetek_a_vallas_es_a_tarsadalmi_toke.pdf
|z Dokumentum-elérés
|